Oeuvres de Victor Cousin. (Record no. 47964)

MARC details
000 -LEADER
campo de control de longitud fija 01007nam a22001815i 4500
001 - NÚMERO DE CONTROL
campo de control 47964
003 - IDENTIFICADOR DE NÚMERO DE CONTROL
campo de control ES-MaACL
005 - FECHA Y HORA DE LA ÚLTIMA TRANSACCIÓN
campo de control 20230906161653.0
007 - CAMPO FIJO DE DESCRIPCIÓN FÍSICA--INFORMACIÓN GENERAL
campo de control de longitud fija t|
008 - DATOS DE LONGITUD FIJA--INFORMACIÓN GENERAL
campo de control de longitud fija 950206s1840 be ||||1| fre d
040 ## - FUENTE DE CATALOGACIÓN
Centro catalogador/agencia de origen CAM
Lengua de catalogación spa
Centro/agencia transcriptor CCPB | PA2
100 1# - ENTRADA PRINCIPAL--NOMBRE DE PERSONA
Nombre de persona Cousin, Victor.
9 (RLIN) 41306
245 10 - MENCIÓN DEL TÍTULO
Título Oeuvres de Victor Cousin.
260 ## - PUBLICACIÓN, DISTRIBUCIÓN, ETC.
Lugar de publicación, distribución, etc. Bruxelles :
Nombre del editor, distribuidor, etc. [s.n.],
Fecha de publicación, distribución, etc. 1840 (
Fabricante Hauman et C.)
300 ## - DESCRIPCIÓN FÍSICA
Extensión 4 v. ;
Dimensiones 28 cm.
505 8# - NOTA DE CONTENIDO CON FORMATO
Nota de contenido con formato Contiene: v. 1: Introduction a l'histoire de la philosophie. Cours d'histoire de la philosophie. Cours de philosophie de la metaphisique d'Aristote -- v. 2: Cours d'histoire de la philosophie morale. Fragments philosophiques -- v. 3: De l'instruction publique en Allemagne, en Pruse et en Hollande. Nouvelles considerations sur les rapports du physique et du moral de l'homme -- v. 4: Fragments litteraires. Introduction générale a l'histoire de la philosophie morale au XVIIIe. siècle. Vanini, ses écrits, sa vie, et sa mort. Jacqueline Pascal.
852 ## - LOCALIZACIÓN
Ubicación ES-MaACL
Número de control de estantería F-3359-62
Holdings
Estatus retirado Estado de pérdida Estado de daño No para préstamo Colección Biblioteca de origen Biblioteca actual Ubicación en estantería Fecha de adquisición Fuente de adquisición Total de préstamos Signatura topográfica completa Código de barras Visto por última vez Precio de reemplazo Tipo de ítem Koha
        Libros del s. XIX Biblioteca del Ateneo de Madrid Biblioteca del Ateneo de Madrid Depósito 2 17/01/2008     F-3359-62 1050476 23/02/2023 23/02/2023 Libro impreso antiguo